La familia: rol en la sociedad, la nueva justicia de familia, conflicto y mediación, 215 explicaciones prácticas
Saved in:
| Hovedforfatter: | |
|---|---|
| Format: | Bog |
| Sprog: | spansk |
| Udgivet: |
Santiago
LexisNexis
2006
|
| Udgivelse: | 1a. ed |
| Serier: | Colección Explicaciones Prácticas
|
| Fag: | |
| Tags: |
Tilføj Tag
Ingen Tags, Vær først til at tagge denne postø!
|
MARC
| LEADER | 00000nam a2200000 a 4500 | ||
|---|---|---|---|
| 001 | UCJ1338 | ||
| 003 | CL-VaPUC | ||
| 008 | 061013e20060000CL |||||||||||||||||spa|d | ||
| 020 | |a 9562386309 | ||
| 082 | 0 | 4 | |a 346.83015 |b COR |2 21 |
| 100 | 0 | |a Cornejo Manríquez, Aníbal |e author |9 501929 | |
| 245 | 1 | 3 | |a La familia: rol en la sociedad, la nueva justicia de familia, conflicto y mediación, 215 explicaciones prácticas |
| 250 | |a 1a. ed | ||
| 300 | |a 138 p | ||
| 942 | |c BK | ||
| 945 | |d 20061013 00:00:00 |a jtorresc | ||
| 260 | |a Santiago |b LexisNexis |c 2006 | ||
| 500 | |a www.lexisnexis.cl | ||
| 650 | 0 | |a Derecho de familia |9 255603 | |
| 651 | 7 | |a CHILE |2 CL-VaPUC |9 501930 | |
| 583 | |a last modification |c 20061013 00:00:00 |k Rodrigo Vera | ||
| 490 | 0 | |a Colección Explicaciones Prácticas | |
| 999 | |c 317959 |d 317957 | ||
| 952 | |0 0 |1 0 |4 0 |6 346_830150000000000_COR_2006 |7 0 |8 A |9 395087 |a BIBDER |b BIBDER |d 2019-11-22 |i 4287436 |o 346.83015 COR 2006 |p 4287436 |r 2023-01-25 |w 2019-11-22 |y BK |k DER | ||
| 952 | |0 0 |1 0 |4 0 |6 346_830150000000000_COR_2006 |7 0 |8 A |9 395088 |a BIBDER |b BIBDER |d 2019-11-22 |i 4485076 |o 346.83015 COR 2006 |p 4485076 |r 2023-01-25 |w 2019-11-22 |y BK |k DER | ||